Click the Books of the Bible in Order! - Statistics

General Stats
  • This quiz has been taken 71 times
  • The average score is 36 of 66
Answer Stats
Hint Answer % Correct
First book? Genesis
100%
Genesis ➡️ Exodus ➡️ Leviticus
92%
Genesis ➡️ Exodus
89%
Genesis ➡️ Exodus ➡️ Leviticus ➡️ Numbers➡️ Deuteronomy
87%
Genesis ➡️ Exodus ➡️ Leviticus ➡️ Numbers
87%
Judges ➡️ Ruth ➡️ 1 Samuel ➡️ 2 Samuel ➡️ 1 Kings ➡️ 2 Kings
71%
Deuteronomy ➡️ Joshua ➡️ Judges ➡️ Ruth ➡️ 1 Samuel ➡️ 2 Samuel
71%
Leviticus ➡️ Numbers ➡️ Deuteronomy ➡️ Joshua ➡️ Judges ➡️ Ruth
71%
1 Samuel ➡️ 2 Samuel ➡️ 1 Kings ➡️ 2 Kings ➡️ 1 Chronicles ➡️ 2 Chronicles
68%
Genesis ➡️ Exodus ➡️ Leviticus ➡️ Numbers ➡️ Deuteronomy ➡️ Joshua
68%
Exodus ➡️ Leviticus ➡️ Numbers ➡️ Deuteronomy ➡️ Joshua ➡️ Judges
68%
Ruth ➡️ 1 Samuel ➡️ 2 Samuel ➡️ 1 Kings ➡️ 2 Kings ➡️ 1 Chronicles
66%
Joshua ➡️ Judges ➡️ Ruth ➡️ 1 Samuel ➡️ 2 Samuel ➡️ 1 Kings
66%
Numbers ➡️ Deuteronomy ➡️ Joshua ➡️ Judges ➡️ Ruth ➡️ 1 Samuel
63%
2 Kings ➡️ 1 Chronicles ➡️ 2 Chronicles ➡️ Ezra ➡️ Nehemiah ➡️ Esther
61%
Ezra ➡️ Nehemiah ➡️ Esther ➡️ Job ➡️ Psalms ➡️ Proverbs
61%
Ecclesiastes ➡️ Song of Solomon ➡️ Isaiah ➡️ Jeremiah ➡️ Lamentations ➡️ Ezekiel
58%
2 Samuel ➡️ 1 Kings ➡️ 2 Kings ➡️ 1 Chronicles ➡️ 2 Chronicles ➡️ Ezra
58%
2 Chronicles ➡️ Ezra ➡️ Nehemiah ➡️ Esther ➡️ Job ➡️ Psalms
58%
Esther ➡️ Job ➡️ Psalms ➡️ Proverbs ➡️ Ecclesiastes ➡️ Song of Solomon
58%
Song of Solomon ➡️ Isaiah ➡️ Jeremiah ➡️ Lamentations ➡️ Ezekiel ➡️ Daniel
55%
1 Chronicles ➡️ 2 Chronicles ➡️ Ezra ➡️ Nehemiah ➡️ Esther ➡️ Job
55%
Jeremiah ➡️ Lamentations ➡️ Ezekiel ➡️ Daniel ➡️ Hosea ➡️ Joel
55%
Matthew ➡️ Mark ➡️ Luke ➡️ John ➡️ Acts ➡️ Romans
55%
Luke ➡️ John ➡️ Acts ➡️ Romans ➡️ 1 Corinthians ➡️ 2 Corinthians
53%
Malachi ➡️ Matthew ➡️ Mark ➡️ Luke ➡️ John ➡️ Acts
53%
Nehemiah ➡️ Esther ➡️ Job ➡️ Psalms ➡️ Proverbs ➡️ Ecclesiastes
53%
Psalms ➡️ Proverbs ➡️ Ecclesiastes ➡️ Song of Solomon ➡️ Isaiah ➡️ Jeremiah
53%
Proverbs ➡️ Ecclesiastes ➡️ Song of Solomon ➡️ Isaiah ➡️ Jeremiah ➡️ Lamentations
53%
1 Kings ➡️ 2 Kings ➡️ 1 Chronicles ➡️ 2 Chronicles ➡️ Ezra ➡️ Nehemiah
53%
Mark ➡️ Luke ➡️ John ➡️ Acts ➡️ Romans ➡️ 1 Corinthians
50%
Acts ➡️ Romans ➡️ 1 Corinthians ➡️ 2 Corinthians ➡️ Galatians ➡️ Ephesians
50%
John ➡️ Acts ➡️ Romans ➡️ 1 Corinthians ➡️ 2 Corinthians ➡️ Galatians
50%
Jonah ➡️ Micah ➡️ Nahum ➡️ Habakkuk ➡️ Zephaniah ➡️ Haggai
50%
Isaiah ➡️ Jeremiah ➡️ Lamentations ➡️ Ezekiel ➡️ Daniel ➡️ Hosea
50%
Zechariah ➡️ Malachi ➡️ Matthew ➡️ Mark ➡️ Luke ➡️ John
50%
Haggai ➡️ Zechariah ➡️ Malachi ➡️ Matthew ➡️ Mark ➡️ Luke
50%
Zephaniah ➡️ Haggai ➡️ Zechariah ➡️ Malachi ➡️ Matthew ➡️ Mark
50%
Habakkuk ➡️ Zephaniah ➡️ Haggai ➡️ Zechariah ➡️ Malachi ➡️ Matthew
50%
Romans ➡️ 1 Corinthians ➡️ 2 Corinthians ➡️ Galatians ➡️ Ephesians ➡️ Philippians
50%
Micah ➡️ Nahum ➡️ Habakkuk ➡️ Zephaniah ➡️ Haggai ➡️ Zechariah
50%
2 Corinthians ➡️ Galatians ➡️ Ephesians ➡️ Philippians ➡️ Colossions ➡️ 1 Thessalonians
47%
Ephesians ➡️ Philippians ➡️ Colossions ➡️ 1 Thessalonians ➡️ 2 Thessalonians ➡️ 1 Timothy
47%
Hebrews ➡️ James ➡️ 1 Peter ➡️ 2 Peter ➡️ 1 John ➡️ 2 John
47%
Galatians ➡️ Ephesians ➡️ Philippians ➡️ Colossions ➡️ 1 Thessalonians ➡️ 2 Thessalonians
47%
Philippians ➡️ Colossions ➡️ 1 Thessalonians ➡️ 2 Thessalonians ➡️ 1 Timothy ➡️ 2 Timothy
47%
James ➡️ 1 Peter ➡️ 2 Peter ➡️ 1 John ➡️ 2 John ➡️ 3 John
47%
1 Corinthians ➡️ 2 Corinthians ➡️ Galatians ➡️ Ephesians ➡️ Philippians ➡️ Colossions
47%
2 Thessalonians ➡️ 1 Timothy ➡️ 2 Timothy ➡️ Titus ➡️ Philemon ➡️ Hebrews
47%
Job ➡️ Psalms ➡️ Proverbs ➡️ Ecclesiastes ➡️ Song of Solomon ➡️ Isaiah
47%
Nahum ➡️ Habakkuk ➡️ Zephaniah ➡️ Haggai ➡️ Zechariah ➡️ Malachi
47%
Hosea ➡️ Joel ➡️ Amos ➡️ Obadiah ➡️ Jonah ➡️ Micah
47%
Joel ➡️ Amos ➡️ Obadiah ➡️ Jonah ➡️ Micah ➡️ Nahum
47%
Ezekiel ➡️ Daniel ➡️ Hosea ➡️ Joel ➡️ Amos ➡️ Obadiah
47%
Philemon ➡️ Hebrews ➡️ James ➡️ 1 Peter ➡️ 2 Peter ➡️ 1 John
45%
2 Timothy ➡️ Titus ➡️ Philemon ➡️ Hebrews ➡️ James ➡️ 1 Peter
45%
Lamentations ➡️ Ezekiel ➡️ Daniel ➡️ Hosea ➡️ Joel ➡️ Amos
45%
1 Peter ➡️ 2 Peter ➡️ 1 John ➡️ 2 John ➡️ 3 John ➡️ Jude
45%
1 Thessalonians ➡️ 2 Thessalonians ➡️ 1 Timothy ➡️ 2 Timothy ➡️ Titus ➡️ Philemon
45%
2 Peter ➡️ 1 John ➡️ 2 John ➡️ 3 John ➡️ Jude ➡️ Revelations
45%
Obadiah ➡️ Jonah ➡️ Micah ➡️ Nahum ➡️ Habakkuk ➡️ Zephaniah
45%
Titus ➡️ Philemon ➡️ Hebrews ➡️ James ➡️ 1 Peter ➡️ 2 Peter
42%
Amos ➡️ Obadiah ➡️ Jonah ➡️ Micah ➡️ Nahum ➡️ Habakkuk
42%
Timothy ➡️ 2 Timothy ➡️ Titus ➡️ Philemon ➡️ Hebrews ➡️ James
42%
Daniel ➡️ Hosea ➡️ Joel ➡️ Amos ➡️ Obadiah ➡️ Jonah
42%
Colossions ➡️ 1 Thessalonians ➡️ 2 Thessalonians ➡️ 1 Timothy ➡️ 2 Timothy ➡️ Titus
42%
No matching quizzes found
Score Distribution
Percent of People with Each Score
Percentile by Number Answered
Your Score History
You have not taken this quiz